| Tag |
First Indicator |
Second Indicator |
Subfields |
| LEADER |
00000cgm a2200000 i 4500 |
| 001 |
in00003585366 |
| 006 |
m o c |
| 007 |
vz uzazuu |
| 007 |
cr una---unuuu |
| 008 |
140717p20141974cau093 o vlger d |
| 005 |
20260324163933.4 |
| 028 |
5 |
2 |
|a 1113499
|b Kanopy
|
| 035 |
|
|
|a (OCoLC)897772618
|
| 035 |
|
|
|a (CaSfKAN)kan1113499
|
| 040 |
|
|
|a UtOrBLW
|b eng
|e rda
|c UtOrBLW
|
| 245 |
0 |
0 |
|a Ali :
|b fear eats the soul.
|
| 264 |
|
1 |
|a [San Francisco, California, USA] :
|b Kanopy Streaming,
|c 2014.
|
| 300 |
|
|
|a 1 online resource (1 video file, approximately 93 minutes) :
|b digital, .flv file, sound
|
| 336 |
|
|
|a two-dimensional moving image
|b tdi
|2 rdacontent
|
| 337 |
|
|
|a computer
|b c
|2 rdamedia
|
| 338 |
|
|
|a online resource
|b cr
|2 rdacarrier
|
| 344 |
|
|
|a digital
|
| 347 |
|
|
|a video file
|b MPEG-4
|b Flash
|
| 500 |
|
|
|a Title from title frames.
|
| 518 |
|
|
|a Originally produced by Criterion Collection/Janus Films in 1974.
|
| 520 |
|
|
|a Rainer Werner Fassbinder, already the director of almost twenty films by the age of twenty-nine, paid homage to his cinematic hero, Douglas Sirk, with this updated version of Sirk's All that heaven allows. Lonely widow Emmi Kurowski (Brigitte Mira) meets Arab worker Ali (El Hedi ben Salem) in a bar during a rainstorm. They fall in love, to their own surprise, and to the shock of family, colleagues, and drinking buddies. In Ali: fear eats the soul (Angst essen seele auf), Fassbinder expertly uses the emotional power of the melodrama to underscore the racial tensions threatening German culture.
|
| 538 |
|
|
|a Mode of access: World Wide Web.
|
| 650 |
|
0 |
|a Widows
|v Drama.
|
| 650 |
|
0 |
|a Arabs
|v Drama.
|
| 650 |
|
0 |
|a Romance films.
|
| 650 |
|
0 |
|a Interracial dating
|v Drama.
|
| 655 |
|
7 |
|a Internet videos.
|2 lcgft
|
| 655 |
|
7 |
|a Nonfiction films.
|2 lcgft
|
| 655 |
|
7 |
|a Feature films.
|2 lcgft
|
| 700 |
1 |
|
|a Fassbinder, Rainer Werner,
|d 1945-1982,
|e film director.
|
| 700 |
1 |
|
|a Mira, Britte,
|e actor.
|
| 700 |
1 |
|
|a Ben Salem, El Hedi,
|e actor.
|
| 710 |
2 |
|
|a Kanopy (Firm)
|
| 856 |
4 |
0 |
|u http://proxy.library.tamu.edu/login?url=https://texasam.kanopystreaming.com/node/113500
|z Connect to this streaming video
|t 0
|
| 999 |
f |
f |
|s fb32b665-c0bb-3fc6-86fb-7553ec0edae9
|i 1ddf7edf-865e-3d6d-bc55-b3ba908ddeba
|t 0
|
| 952 |
f |
f |
|a Texas A&M University
|b College Station
|c Electronic Resources
|s www_evans
|d Available Online
|t 0
|h No information provided
|
| 998 |
f |
f |
|t 0
|l Available Online
|